000 00591nam a2200181Ia 4500
008 090124s9999 xx 000 0 und d
082 _b130866
100 _aशहा सुरेखा
245 _a जोहड ( चरित्रात्मक कादं.)
250 _a1
260 _c2002
300 _a240
600 _aशहा सुरेखा
630 _a जोहड ( चरित्रात्मक कादं.)
700 _aशहा सुरेखा
730 _a जोहड ( चरित्रात्मक कादं.)
942 _cBOOK
999 _c176955
_d176955